000 00318nam a2200133Ia 4500
005 20260328104258.0
008 260328s9999||||xx |||||||||||||| ||und||
100 _aAlves Costa, Alexandre
245 0 _aAtelier 15 /
_cAlexandre Alves Costa
260 _bUzina
300 _a239 p.
650 _aCOLOMBIA
942 _cBK
999 _c10507
_d10507